[Event "Noisy le Grand op"]
[Site "Noisy le Grand"]
[Date "2003.??.??"]
[Round "5"]
[White "Berthier, Hugo"]
[Black "Davy, Bruno"]
[Result "1-0"]
[WhiteElo "1480"]
[BlackElo "1820"]
[PlyCount "113"]
[EventDate "2003.05.??"]
[EventType "swiss"]
[EventRounds "7"]
[EventCountry "FRA"]
[SourceTitle "EXT 2005"]
[Source "ChessBase"]
[SourceDate "2004.11.15"]
[SourceVersion "1"]
[SourceVersionDate "2004.11.15"]
[SourceQuality "1"]

1. e4 e5 2. Nf3 Nc6 3. Bb5 a6 4. Ba4 Nf6 5. 0-0 b5 6. Bb3 Be7 7. Re1 d6 8. h3 0-0 9. c3 Nd7 10. d4 Bf6 11. d5 Na5 12. Bc2 Bb7 13. b4 Nc4 14. Bd3 Ndb6 15. Nbd2 Nxd2 16. Bxd2 Re8 17. Rc1 c6 18. dxc6 Bxc6 19. c4 Qd7 20. c5 dxc5 21. Rxc5 Na4 22. Rc2 Rac8 23. Re3 Red8 24. Qa1 Qe6 25. Rc1 Nb6 26. Bc3 Bb7 27. Bc2 Nd7 28. Bb3 Qe8 29. Rd1 Qe7 30. Bd5 Bxd5 31. Rxd5 Re8 32. Red3 Nb6 33. Rd6 Na4 34. Rd7 Qe6 35. R3d6 Qc4 36. Bxe5 Bxe5 37. Nxe5 Qxe4 38. Nxf7 Nc3 39. Rd2 Qf4 40. Kh1 Ne4 41. Qb2 Nxd2 42. Nh6+ Qxh6 43. Qxd2 Qxd2 44. Rxd2 Rc4 45. Rd6 Rxb4 46. Rxa6 Rb1+ 47. Kh2 Re2 48. a4 b4 49. a5 b3 50. Ra8+ Kf7 51. a6 b2 52. Rb8 Ra1 53. Rb7+ Kg6 54. Rb6+ Kf5 55. Rb5+ Re5 56. Rb6 b1Q 57. g4+ 1-0

[Event "Noisy le Grand op"]
[Site "Noisy le Grand"]
[Date "2003.??.??"]
[Round "6"]
[White "Smith, Matthieu"]
[Black "Berthier, Hugo"]
[Result "0-1"]
[WhiteElo "1930"]
[BlackElo "1480"]
[PlyCount "116"]
[EventDate "2003.05.??"]
[EventType "swiss"]
[EventRounds "7"]
[EventCountry "FRA"]
[SourceTitle "EXT 2005"]
[Source "ChessBase"]
[SourceDate "2004.11.15"]
[SourceVersion "1"]
[SourceVersionDate "2004.11.15"]
[SourceQuality "1"]

1. e4 c5 2. Nc3 g6 3. f4 Bg7 4. Nf3 e6 5. Bc4 Ne7 6. 0-0 0-0 7. e5 a6 8. a4 b6 9. g4 Bb7 10. Qe1 d5 11. Ba2 Nbc6 12. d3 Qd7 13. Nd1 f6 14. exf6 Bxf6 15. Bd2 Nd4 16. Nxd4 Bxd4+ 17. Be3 Bxe3+ 18. Qxe3 Rae8 19. Nc3 Nc6 20. Ne2 Nb4 21. Bb1 d4 22. Qd2 e5 23. h3 Qc6 24. Ng3 exf4 25. Ne4 Qc7 26. c3 dxc3 27. bxc3 Nxd3 28. Qxd3 Rxe4 29. Ba2+ Kg7 30. Rad1 Re7 31. Bc4 a5 32. Qd6 Qxd6 33. Rxd6 Rf6 34. Rfd1 Bc8 35. Kf2 Re3 36. R6d3 Rxd3 37. Rxd3 g5 38. Rd8 Be6 39. Bd3 Bb3 40. Bb5 Re6 41. Rd7+ Kg8 42. Rd8+ Kf7 43. Rd7+ Re7 44. Rd6 Re3 45. Rd7+ Ke6 46. Rxh7 Rxc3 47. Rh6+ Kd5 48. Rh5 Rc2+ 49. Kf3 Kd4 50. Rxg5 Bd5+ 51. Kxf4 c4 52. h4 c3 53. h5 Rf2+ 54. Kg3 Rf3+ 55. Kg2 c2 56. Rxd5+ Kxd5 57. Kxf3 c1Q 58. Kg3 Qc3+ 0-1